| 000 | 00430nam a2200169 i 4500 | ||
|---|---|---|---|
| 001 | 28583 | ||
| 003 | ES-MaACL | ||
| 005 | 20240320062606.0 | ||
| 007 | t| | ||
| 008 | 030117s1902 sp ||||1| spa d | ||
| 100 | 0 |
_aAzorín, _d1873-1967 _924326 |
|
| 245 | 1 | 3 |
_aLa voluntad / _cAzorín. |
| 260 |
_aMadrid : _b[s.n., _c1902] ( _fHenrich y Cª) |
||
| 300 |
_a301 p. ; _c21 cm. |
||
| 852 |
_aES-MaACL _jB-5699 |
||
| 999 |
_c28583 _d28583 |
||